Utwory Zygmunta Krasińskiego - nagła śmierć - Statystyki

Ogólne statystyki
  • Ten quiz został rozwiązany 62 razy
  • Średni wynik to 5 z 8
Answers on the Grid
Answers color-coded by a green-red scale on the quiz's grid according to % correct below.
,,Nie-Boska komedia"
,,Irydion"
,,Przedświt"
,,Psalm miłości"
,,Dzień dzisiejszy"
,,Resurrecturis"
,,Agaj-Han"
,,Psalmy przyszłości"
,,Laura i Filon"
,,Boska komedia"
,,Zbrodnia i kara"
,,Potop"
,,Nad Niemnem"
,,Ludzie bezdomni"
 
Statystyki odpowiedzi
Odpowiedź % Poprawnych
,,Nie-Boska komedia"
80%
,,Irydion"
78%
,,Psalmy przyszłości"
73%
,,Resurrecturis"
66%
,,Przedświt"
63%
,,Agaj-Han"
61%
,,Dzień dzisiejszy"
61%
,,Psalm miłości"
59%
Nie znaleziono quizów pasujących do podanych kryteriów
Rozkład punktacji
Procent ludzi z każdym wynikiem
Percentyl według liczby udzielonych odpowiedzi
Twoja historia wyników
Nie rozwiązałeś tego quizu